000 01046nam a22003250a 4500
001 PT26296
003 AR-LpoUNG
005 20260115111033.0
008 191001s2007||||ag |||||||||||||||||spa d
020 _a9789876300032
_c$5
040 _aAR-LpoUNG
_bspa
_cAR-LpoUNG
_eaacr
041 _aspa
044 _aag
082 0 _a410 434lec
100 1 _aResnik, Gabriela
245 1 3 _aLa lectura y la escritura en el trabajo de taller :
_baspectos metodológicos
250 _a1ra. ed.
260 _aBuenos Aires :
_bUniversidad Nacional de General Sarmiento,
_c2007.
300 _a114 p. :
_bil., gráfs., tbls.
520 _aAborda cuestiones metodológicas relativas al trabajo con la lectura y la escritura en talleres de nivel superior.
650 4 _aESCRITURA
650 4 _aLECTURA
650 4 _aLINGÜISTICA
650 4 _aMETODOLOGIA
700 1 _aLópez Casanova, Martina
_ecomp.
700 1 _aValente, Elena
710 2 _aUniversidad Nacional de General Sarmiento (Buenos Aires)
905 _a26296
942 _cLIB
_2ddc
999 _c19860
_d19860